[Event "Mirandola Giovanni Pico op 1st"]
[Site "Mirandola"]
[Date "2008.01.11"]
[Round "1"]
[White "Moi, Roberto"]
[Black "Ugolini, Lorenzo"]
[Result "1-0"]
[WhiteElo "1933"]
[BlackElo "1482"]
[PlyCount "55"]
[EventDate "2008.01.11"]
[EventType "swiss"]
[EventRounds "5"]
[EventCountry "ITA"]
[SourceTitle "EXT 2009"]
[Source "ChessBase"]
[SourceDate "2008.11.26"]
[SourceVersion "1"]
[SourceVersionDate "2008.11.26"]
[SourceQuality "1"]

1. d4 d5 2. c4 e6 3. Nc3 Nf6 4. cxd5 exd5 5. Bg5 Be7 6. e3 0-0 7. Qc2 c6 8. Bd3 h6 9. Bh4 Be6 10. Nge2 Nbd7 11. f3 c5 12. 0-0 c4 13. Bf5 a6 14. Nf4 Bxf5 15. Qxf5 g5 16. Bxg5 hxg5 17. Qxg5+ Kh7 18. Qf5+ Kh8 19. Ncxd5 Rg8 20. e4 Nxd5 21. Nxd5 Nf6 22. Qe5 Re8 23. f4 Kg7 24. Rf3 Kg8 25. Qg5+ Kh8 26. Nxf6 Qxd4+ 27. Kh1 Qxe4 28. Qh6+ 1-0